Geography Quiz

Random Geography or State Quiz

Us states by total area (land+water) Quiz Stats

 Plays Quiz not verified by Sporcle

Score 0/50 Timer 04:00
0 Plays Today
% Correct
Alaska
100%
Texas
99.3%
California
98.7%
Montana
94.6%
Arizona
90.2%
New Mexico
89.6%
Nevada
86.2%
Colorado
86.2%
Wyoming
80.5%
Oregon
79.8%
Minnesota
70%
Utah
68.4%
Michigan
68%
Idaho
67.3%
Nebraska
66%
Kansas
65.7%
South Dakota
64.6%
North Dakota
63.3%
Oklahoma
58.2%
Washington
57.9%
Rhode Island
55.2%
Missouri
54.2%
Delaware
54.2%
Florida
51.5%
Illinois
51.5%
% Correct
Wisconsin
51.2%
New Hampshire
51.2%
Connecticut
50.8%
Vermont
50.2%
Iowa
49.8%
New Jersey
49.2%
Georgia
47.8%
Maryland
47.1%
New York
46.1%
Hawaii
46.1%
Massachusetts
46.1%
South Carolina
44.4%
Maine
43.8%
West Virginia
43.8%
North Carolina
41.8%
Arkansas
41.1%
Alabama
40.7%
Indiana
40.7%
Tennessee
39.1%
Kentucky
39.1%
Louisiana
38%
Ohio
38%
Virginia
37.7%
Pennsylvania
37.4%
Mississippi
36.4%

You're not logged in!

Compare scores with friends on all Sporcle quizzes.
OR
Log In

Show Comments

Extras

Top Quizzes Today


Score Distribution

Your Account Isn't Verified!

In order to create a playlist on Sporcle, you need to verify the email address you used during registration. Go to your Sporcle Settings to finish the process.

Report this User

Report this user for behavior that violates our Community Guidelines.

Details: